000 00588nam a22001937a 4500
003 KOHA_MİRAKIL
005 20251224154151.0
008 251224b tu ||||| |||| 00| 0 tur d
020 _a9786053425601
040 _aTR-AnABB
_btur
_cTR-AnABB
041 _atur
082 _a398.994303
_bCOB 2020
100 1 _aÇobanoğlu, Özkul,
245 1 0 _aTarihte ve günümüzde Türk boylarının ortak atasözleri sözlüğü /
_cÖzkul Çobanoğlu
260 _aAnkara :
_bAkçağ Yayınları,
_c2020
300 _a502 sayfa ;
_c20 cm
650 0 4 _aAtasözleri
942 _2ddc
_cBK
999 _c9952
_d9952
900 _bGizem YORULMAZ